<?xml version="1.0" encoding="UTF-8"?>
<record
    xmlns:xsi="http://www.w3.org/2001/XMLSchema-instance"
    xsi:schemaLocation="http://www.loc.gov/MARC21/slim http://www.loc.gov/standards/marcxml/schema/MARC21slim.xsd"
    xmlns="http://www.loc.gov/MARC21/slim">

  <leader>01206nam a22002177a 4500</leader>
  <controlfield tag="003">OSt</controlfield>
  <controlfield tag="005">20260428093716.0</controlfield>
  <controlfield tag="008">260325b        |||||||| |||| 00| 0 eng d</controlfield>
  <datafield tag="020" ind1=" " ind2=" ">
    <subfield code="a">9789942935823</subfield>
  </datafield>
  <datafield tag="082" ind1=" " ind2=" ">
    <subfield code="2">9789942935823</subfield>
  </datafield>
  <datafield tag="100" ind1=" " ind2=" ">
    <subfield code="a">Juan Illicachi Guz&#xF1;ay, Amparo Lili&#xE1;n Cazorla Basantes, Ruth Tatiana Fonseca Morales y Gerardo Miguel Nieves Loja.</subfield>
  </datafield>
  <datafield tag="245" ind1=" " ind2=" ">
    <subfield code="a">El Kichwa en la academia: &#xBF;Descolonizaci&#xF3;n ling&#xFC;&#xED;stica?</subfield>
  </datafield>
  <datafield tag="250" ind1=" " ind2=" ">
    <subfield code="a">1ra edici&#xF3;n</subfield>
  </datafield>
  <datafield tag="260" ind1=" " ind2=" ">
    <subfield code="a">Ecuador </subfield>
    <subfield code="b"> Henry Patricio Moscoso Carrillo</subfield>
    <subfield code="c">2019</subfield>
  </datafield>
  <datafield tag="300" ind1=" " ind2=" ">
    <subfield code="a"> 185 pag</subfield>
    <subfield code="b">El contenido no es solo texto; incluye gr&#xE1;ficos e ilustraciones</subfield>
    <subfield code="c"> 14.8 cm x 21 cm</subfield>
  </datafield>
  <datafield tag="490" ind1=" " ind2=" ">
    <subfield code="3">cartulina de alto gramaje</subfield>
  </datafield>
  <datafield tag="520" ind1=" " ind2=" ">
    <subfield code="a">El libro El Kichwa en la academia: &#xBF;Descolonizaci&#xF3;n ling&#xFC;&#xED;stica? (2019) analiza la tensa relaci&#xF3;n entre los saberes ancestrales y el sistema universitario formal en Ecuador. A trav&#xE9;s de un enfoque sociol&#xF3;gico y educativo, los autores cuestionan si la inclusi&#xF3;n del kichwa en las aulas es un paso real hacia la justicia social o simplemente una formalidad institucional.</subfield>
  </datafield>
  <datafield tag="650" ind1=" " ind2=" ">
    <subfield code="a">Educaci&#xF3;n intercultural</subfield>
    <subfield code="x">Socioling&#xFC;&#xED;stica </subfield>
    <subfield code="y">Descolonizaci&#xF3;n </subfield>
  </datafield>
  <datafield tag="700" ind1=" " ind2=" ">
    <subfield code="a">Illicachi Guz&#xF1;ay, Juan</subfield>
  </datafield>
  <datafield tag="942" ind1=" " ind2=" ">
    <subfield code="2">ddc</subfield>
    <subfield code="c">BK</subfield>
    <subfield code="n">0</subfield>
  </datafield>
  <datafield tag="952" ind1=" " ind2=" ">
    <subfield code="0">0</subfield>
    <subfield code="1">0</subfield>
    <subfield code="2">ddc</subfield>
    <subfield code="4">0</subfield>
    <subfield code="7">0</subfield>
    <subfield code="8">F02</subfield>
    <subfield code="a">ISUS</subfield>
    <subfield code="b">ISUS</subfield>
    <subfield code="c">Biblioteca Abierta</subfield>
    <subfield code="d">2026-03-25</subfield>
    <subfield code="e">LECTURA</subfield>
    <subfield code="f">0454</subfield>
    <subfield code="i">0454</subfield>
    <subfield code="l">1</subfield>
    <subfield code="o">0454</subfield>
    <subfield code="p">BIBLIO0454</subfield>
    <subfield code="r">2026-04-01 09:27:34</subfield>
    <subfield code="s">2026-04-01</subfield>
    <subfield code="t">1</subfield>
    <subfield code="w">2026-03-25</subfield>
    <subfield code="y">BK</subfield>
  </datafield>
  <datafield tag="999" ind1=" " ind2=" ">
    <subfield code="c">2026</subfield>
    <subfield code="d">2026</subfield>
  </datafield>
</record>
